| 000 | 00450nam a22001697a 4500 | ||
|---|---|---|---|
| 003 | NUST - PNEC | ||
| 005 | 20170116181138.0 | ||
| 008 | 151007b xxu||||| |||| 00| 0 eng d | ||
| 020 | _a0132787636 | ||
| 040 | _cLIBRARY | ||
| 082 | _a658.5 PLO | ||
| 100 |
_914427 _aPlossl, Keith R. |
||
| 245 |
_aEngineering for the control of manufacturing _cKeith R.Plossl |
||
| 260 | _c1987 | ||
| 650 |
_914425 _aProduction engineering _xME |
||
| 942 |
_2ddc _cBK |
||
| 999 |
_c70324 _d70324 |
||